|
|
|
|
| LEADER |
01492ppm a22003858a 4500 |
| 001 |
00031790 |
| 005 |
20171026081025.0 |
| 008 |
140218s2013 ||||||viesd |
| 041 |
0 |
# |
|a vie
|
| 082 |
1 |
4 |
|a 546.076
|b X126D
|
| 100 |
0 |
# |
|a Nguyễn, Thị Ngọc Mỹ Lệ
|
| 245 |
1 |
0 |
|a Xây dựng hệ thống bài tập giúp củng cố kiến thức chương kim loại trong sách giáo khoa hóa học 9
|b Khóa luận tốt nghiệp : Ngành Sư phạm Hóa học: Trình độ : Cao đẳng
|c Nguyễn Thị Ngọc Mỹ Lệ, Võ Thị Thảo Sương; Trần Quốc Trị (hướng dẫn)
|
| 260 |
# |
# |
|a Đồng Tháp
|b Trường Đại học Đồng Tháp
|c 2013
|
| 300 |
# |
# |
|a 54 tr.
|c 30 cm.
|e 1 bản tóm tắt
|
| 500 |
# |
# |
|a ĐTTS ghi: Bộ Giáo dục và Đào tạo. Trường Đại học Đồng Tháp. Khoa Hóa học
|
| 653 |
# |
# |
|a Bài tập
|
| 653 |
# |
# |
|a Dạy học
|
| 653 |
# |
# |
|a Sách giáo khoa
|
| 653 |
# |
# |
|a Lớp 9
|
| 653 |
# |
# |
|a Kiến thức
|
| 653 |
# |
# |
|a Kim loại
|
| 653 |
# |
# |
|a Hóa học
|
| 700 |
1 |
# |
|a Võ, Thị Thảo Sương
|
| 700 |
1 |
# |
|a Trần, Quốc Trị
|e hướng dẫn
|
| 852 |
# |
# |
|j KD.0015398
|
| 852 |
# |
# |
|b Kho đọc
|j KD.0015398
|
| 910 |
0 |
# |
|d 27/02/2014
|
| 980 |
# |
# |
|a Trung tâm Học liệu Lê Vũ Hùng, Trường Đại học Đồng Tháp
|